000 00626nam a2200193 a 4500
001 000010751
005 20240412074220.0
008 091009s1980 dr a 000 p spa d
040 _aDO-SdBNP
082 _aRD861.44
_bP944p
100 1 _aPérez, Norvo Antonio
_d1925-
_925959
245 1 0 _aPatria, amor y esperanza :
_bel Cristo liberado /
_cNorvo Antonio Pérez.
260 _aSanto Domingo :
_bAlfa y Omega,
_c1980.
300 _a97 p. :
_bil. ;
_c22 cm.
500 _aIncluye datos biográficos del autor en la contracubierta
650 0 _aPoesía dominicana
_966
650 0 _aLiteratura dominicana.
_967
049 _aBNPD
999 _c10506
_d10506